[Event "Russian Championship (Rapid, Men)"]
[Site "Sochi"]
[Date "2018.10.05"]
[Round "2.1"]
[White "Artemiev, Vladislav"]
[Black "Oganian, Miran"]
[Result "1-0"]
[BlackElo "2450"]
[WhiteElo "2764"]
[LiveChessVersion "1.4.8"]

1. Nf3 {[%clk 0:15:14]} d5 {[%clk 0:15:10]} 2. e3 {[%clk 0:15:22]} Nf6
{[%clk 0:15:07]} 3. c4 {[%clk 0:15:30]} e6 {[%clk 0:15:13]} 4. b3
{[%clk 0:15:36]} c5 {[%clk 0:14:50]} 5. Bb2 {[%clk 0:15:14]} Nc6 {[%clk 0:14:45]}
6. cxd5 {[%clk 0:15:20]} exd5 {[%clk 0:14:07]} 7. d4 {[%clk 0:15:01]} cxd4
{[%clk 0:13:35]} 8. Nxd4 {[%clk 0:15:08]} Bb4+ {[%clk 0:12:44]} 9. Bc3
{[%clk 0:15:12]} Bxc3+ {[%clk 0:12:23]} 10. Nxc3 {[%clk 0:15:20]} Qa5
{[%clk 0:12:31]} 11. Qd2 {[%clk 0:15:20]} O-O {[%clk 0:11:53]} 12. Be2
{[%clk 0:15:02]} Re8 {[%clk 0:10:29]} 13. Rc1 {[%clk 0:13:18]} Bd7
{[%clk 0:09:21]} 14. Nxc6 {[%clk 0:11:17]} Bxc6 {[%clk 0:08:58]} 15. O-O
{[%clk 0:11:15]} Rad8 {[%clk 0:06:05]} 16. Qd4 {[%clk 0:11:22]} Ne4
{[%clk 0:05:56]} 17. b4 {[%clk 0:11:14]} Nxc3 {[%clk 0:03:37]} 18. Rxc3
{[%clk 0:10:20]} Qxa2 {[%clk 0:00:39]} 19. Bd3 {[%clk 0:10:29]} Qa4
{[%clk 0:00:21]} 20. Rc5 {[%clk 0:10:38]} b6 {[%clk 0:00:21]} 21. Rcc1
{[%clk 0:10:19]} a5 {[%clk 0:00:12]} 22. Qxb6 {[%clk 0:10:15]} Bd7
{[%clk 0:00:13]} 23. bxa5 {[%clk 0:10:15]} d4 {[%clk 0:00:15]} 24. Rc4
{[%clk 0:10:00]} Qa3 {[%clk 0:00:14]} 25. Rxd4 {[%clk 0:10:08]} Rb8
{[%clk 0:00:18]} 26. Qd6 {[%clk 0:10:14]} Qxd6 {[%clk 0:00:13]} 27. Rxd6
{[%clk 0:10:22]} Be6 {[%clk 0:00:11]} 28. a6 {[%clk 0:10:27]} Rb3
{[%clk 0:00:14]} 29. Ra1 {[%clk 0:10:32]} 1-0

[Event "Russian Championship (Rapid, Men)"]
[Site "Sochi"]
[Date "2018.10.05"]
[Round "2.2"]
[White "Gochelashvili, David"]
[Black "Sjugirov, Sanan"]
[Result "0-1"]
[BlackElo "2735"]
[WhiteElo "2450"]
[LiveChessVersion "1.4.8"]

1. e4 {[%clk 0:15:19]} c5 {[%clk 0:15:16]} 2. c3 {[%clk 0:15:21]} Nf6
{[%clk 0:15:14]} 3. e5 {[%clk 0:15:29]} Nd5 {[%clk 0:15:19]} 4. d4
{[%clk 0:15:36]} cxd4 {[%clk 0:14:53]} 5. cxd4 {[%clk 0:15:45]} d6
{[%clk 0:14:34]} 6. Nf3 {[%clk 0:15:52]} dxe5 {[%clk 0:13:57]} 7. Nxe5
{[%clk 0:12:01]} Nc6 {[%clk 0:13:23]} 8. Bc4 {[%clk 0:11:21]} e6 {[%clk 0:11:48]}
9. Nxc6 {[%clk 0:09:13]} bxc6 {[%clk 0:11:56]} 10. O-O {[%clk 0:09:18]} Be7
{[%clk 0:09:49]} 11. Qf3 {[%clk 0:06:36]} O-O {[%clk 0:09:23]} 12. Rd1
{[%clk 0:06:40]} a5 {[%clk 0:08:24]} 13. Nc3 {[%clk 0:05:01]} a4 {[%clk 0:07:07]}
14. Bd2 {[%clk 0:04:31]} Qb6 {[%clk 0:06:40]} 15. Qe4 {[%clk 0:01:39]} Bb7
{[%clk 0:06:23]} 16. Bd3 {[%clk 0:01:09]} g6 {[%clk 0:03:27]} 17. Ne2
{[%clk 0:00:12]} Rfd8 {[%clk 0:03:13]} 18. Rab1 {[%clk 0:00:20]} c5
{[%clk 0:03:10]} 19. Bh6 {[%clk 0:00:11]} cxd4 {[%clk 0:02:51]} 20. Qe5
{[%clk 0:00:11]} Bf6 {[%clk 0:02:47]} 21. Qg3 {[%clk 0:00:20]} Nb4
{[%clk 0:02:38]} 22. Bc4 {[%clk 0:00:25]} Rac8 {[%clk 0:02:28]} 23. b3
{[%clk 0:00:33]} Be4 {[%clk 0:02:19]} 24. Qf4 {[%clk 0:00:32]} Bf5
{[%clk 0:02:26]} 25. Rbc1 {[%clk 0:00:11]} Nxa2 {[%clk 0:02:23]} 26. g4
{[%clk 0:00:16]} Nxc1 {[%clk 0:02:18]} 27. Nxc1 {[%clk 0:00:16]} e5
{[%clk 0:01:57]} 28. Qf3 {[%clk 0:00:21]} Bc2 {[%clk 0:02:00]} 29. Rd2
{[%clk 0:00:21]} axb3 {[%clk 0:01:49]} 0-1

[Event "Russian Championship (Rapid, Men)"]
[Site "Sochi"]
[Date "2018.10.05"]
[Round "2.3"]
[White "Savitskiy, Sergey"]
[Black "Ponkratov, Pavel"]
[Result "0-1"]
[BlackElo "2708"]
[WhiteElo "2449"]
[LiveChessVersion "1.4.8"]

1. e4 {[%clk 0:15:18]} e6 {[%clk 0:15:18]} 2. d4 {[%clk 0:15:19]} d5
{[%clk 0:15:27]} 3. Nc3 {[%clk 0:15:27]} Nf6 {[%clk 0:15:13]} 4. Bg5
{[%clk 0:15:20]} dxe4 {[%clk 0:15:14]} 5. Nxe4 {[%clk 0:15:23]} Be7
{[%clk 0:15:20]} 6. Nxf6+ {[%clk 0:13:40]} Bxf6 {[%clk 0:15:28]} 7. Bxf6
{[%clk 0:13:48]} Qxf6 {[%clk 0:15:37]} 8. Nf3 {[%clk 0:13:55]} O-O
{[%clk 0:15:35]} 9. Bd3 {[%clk 0:14:04]} c5 {[%clk 0:15:43]} 10. Qe2
{[%clk 0:10:00]} cxd4 {[%clk 0:15:20]} 11. Qe4 {[%clk 0:10:07]} g6
{[%clk 0:15:03]} 12. Qxd4 {[%clk 0:09:58]} e5 {[%clk 0:15:05]} 13. Qc3
{[%clk 0:09:18]} Bg4 {[%clk 0:12:24]} 14. Be4 {[%clk 0:06:36]} Nd7
{[%clk 0:12:32]} 15. Nd2 {[%clk 0:03:22]} Rac8 {[%clk 0:12:09]} 16. Qg3
{[%clk 0:03:26]} Be6 {[%clk 0:11:51]} 17. c3 {[%clk 0:02:42]} Nc5
{[%clk 0:11:01]} 18. Bc2 {[%clk 0:02:50]} Rfd8 {[%clk 0:11:03]} 19. Qe3
{[%clk 0:02:35]} Bf5 {[%clk 0:10:06]} 20. Bxf5 {[%clk 0:02:34]} Qxf5
{[%clk 0:10:15]} 21. O-O {[%clk 0:02:35]} Rd3 {[%clk 0:10:23]} 22. Qe2
{[%clk 0:02:43]} Ne6 {[%clk 0:10:32]} 23. g3 {[%clk 0:00:24]} Ng5
{[%clk 0:10:37]} 24. Nb3 {[%clk 0:00:33]} Rc4 {[%clk 0:08:46]} 25. Rfd1
{[%clk 0:00:16]} Nf3+ {[%clk 0:08:46]} 26. Kg2 {[%clk 0:00:19]} Rxd1
{[%clk 0:06:29]} 27. Rxd1 {[%clk 0:00:27]} Rh4 {[%clk 0:06:35]} 28. Rd8+
{[%clk 0:00:13]} Kg7 {[%clk 0:06:44]} 29. Qd3 {[%clk 0:00:14]} Rxh2+
{[%clk 0:06:48]} 30. Kf1 {[%clk 0:00:23]} Rh1+ {[%clk 0:06:57]} 0-1

[Event "Russian Championship (Rapid, Men)"]
[Site "Sochi"]
[Date "2018.10.05"]
[Round "2.4"]
[White "Chigaev, Maksim"]
[Black "Fakhrutdinov, Timur"]
[Result "1-0"]
[BlackElo "2425"]
[WhiteElo "2704"]
[LiveChessVersion "1.4.8"]

1. e4 {[%clk 0:15:18]} e5 {[%clk 0:15:19]} 2. Nf3 {[%clk 0:15:27]} Nc6
{[%clk 0:15:27]} 3. Bc4 {[%clk 0:15:36]} Bc5 {[%clk 0:15:34]} 4. O-O
{[%clk 0:15:43]} Nf6 {[%clk 0:15:40]} 5. d3 {[%clk 0:15:52]} a6 {[%clk 0:15:46]}
6. a4 {[%clk 0:16:00]} d6 {[%clk 0:15:51]} 7. c3 {[%clk 0:16:06]} Ba7
{[%clk 0:15:59]} 8. Re1 {[%clk 0:16:14]} O-O {[%clk 0:16:03]} 9. h3
{[%clk 0:16:21]} h6 {[%clk 0:15:48]} 10. Nbd2 {[%clk 0:16:23]} Ne7
{[%clk 0:15:41]} 11. Nf1 {[%clk 0:16:31]} Ng6 {[%clk 0:15:18]} 12. Ng3
{[%clk 0:16:39]} c6 {[%clk 0:15:26]} 13. Bb3 {[%clk 0:16:48]} d5 {[%clk 0:14:34]}
14. exd5 {[%clk 0:16:56]} Nxd5 {[%clk 0:14:31]} 15. d4 {[%clk 0:17:05]} exd4
{[%clk 0:13:44]} 16. Nxd4 {[%clk 0:17:13]} Re8 {[%clk 0:12:25]} 17. Rxe8+
{[%clk 0:17:13]} Qxe8 {[%clk 0:12:34]} 18. Bxd5 {[%clk 0:17:19]} cxd5
{[%clk 0:12:42]} 19. Be3 {[%clk 0:17:24]} Bd7 {[%clk 0:09:52]} 20. Ndf5
{[%clk 0:14:28]} Bxf5 {[%clk 0:07:59]} 21. Nxf5 {[%clk 0:14:36]} Qe5
{[%clk 0:08:07]} 22. Qg4 {[%clk 0:12:08]} Bxe3 {[%clk 0:06:02]} 23. Nxe3
{[%clk 0:12:16]} Rd8 {[%clk 0:05:58]} 24. Rd1 {[%clk 0:12:16]} Nf4
{[%clk 0:05:21]} 25. Qf3 {[%clk 0:05:10]} b5 {[%clk 0:04:19]} 26. axb5
{[%clk 0:05:12]} axb5 {[%clk 0:04:27]} 27. Rd4 {[%clk 0:05:21]} Ne6
{[%clk 0:02:30]} 28. Rxd5 {[%clk 0:05:28]} Rxd5 {[%clk 0:02:30]} 29. Qxd5
{[%clk 0:05:36]} Qxd5 {[%clk 0:02:20]} 30. Nxd5 {[%clk 0:05:44]} Kf8
{[%clk 0:02:28]} 31. Kf1 {[%clk 0:05:01]} Ke8 {[%clk 0:02:35]} 32. Ke2
{[%clk 0:05:00]} Kd7 {[%clk 0:02:42]} 33. Ke3 {[%clk 0:05:09]} Kd6
{[%clk 0:02:06]} 34. Nf4 {[%clk 0:05:13]} Nc5 {[%clk 0:01:41]} 35. Nd3
{[%clk 0:05:22]} Ne6 {[%clk 0:01:23]} 36. h4 {[%clk 0:05:15]} Kd5
{[%clk 0:00:38]} 37. b3 {[%clk 0:05:16]} g5 {[%clk 0:00:41]} 38. hxg5
{[%clk 0:04:29]} hxg5 {[%clk 0:00:49]} 39. g4 {[%clk 0:04:30]} Nc7
{[%clk 0:00:17]} 40. Nb4+ {[%clk 0:04:16]} Ke5 {[%clk 0:00:19]} 41. Nc6+
{[%clk 0:04:17]} Kd5 {[%clk 0:00:11]} 42. Nd4 {[%clk 0:04:18]} f6
{[%clk 0:00:14]} 43. Nxb5 {[%clk 0:04:21]} Ne6 {[%clk 0:00:15]} 44. Nd4
{[%clk 0:03:53]} Nf4 {[%clk 0:00:13]} 45. c4+ {[%clk 0:03:29]} Ke5
{[%clk 0:00:21]} 46. Nf3+ {[%clk 0:03:09]} Ke6 {[%clk 0:00:27]} 47. Ke4
{[%clk 0:03:12]} Kd5+ 1-0

[Event "Russian Championship (Rapid, Men)"]
[Site "Sochi"]
[Date "2018.10.05"]
[Round "2.6"]
[White "Smagin, Sergey"]
[Black "Rakhmanov, Aleksandr"]
[Result "1-0"]
[BlackElo "2688"]
[WhiteElo "2442"]
[LiveChessVersion "1.4.8"]

1. e4 {[%clk 0:15:18]} c5 {[%clk 0:15:18]} 2. Nf3 {[%clk 0:15:24]} Nf6
{[%clk 0:15:26]} 3. e5 {[%clk 0:15:12]} Nd5 {[%clk 0:15:33]} 4. c3
{[%clk 0:15:08]} Nc6 {[%clk 0:14:30]} 5. Na3 {[%clk 0:14:36]} e6 {[%clk 0:13:55]}
6. Nc4 {[%clk 0:14:43]} b6 {[%clk 0:13:26]} 7. d4 {[%clk 0:13:58]} cxd4
{[%clk 0:13:12]} 8. cxd4 {[%clk 0:14:07]} Ba6 {[%clk 0:12:59]} 9. a3
{[%clk 0:13:13]} Qc8 {[%clk 0:12:31]} 10. Bd2 {[%clk 0:10:04]} b5
{[%clk 0:12:02]} 11. Ne3 {[%clk 0:09:43]} Nxe3 {[%clk 0:12:02]} 12. fxe3
{[%clk 0:08:21]} b4 {[%clk 0:12:10]} 13. a4 {[%clk 0:05:47]} Bxf1
{[%clk 0:10:00]} 14. Rxf1 {[%clk 0:05:55]} Be7 {[%clk 0:09:59]} 15. e4
{[%clk 0:05:14]} Qb7 {[%clk 0:08:35]} 16. d5 {[%clk 0:03:57]} Na5
{[%clk 0:08:44]} 17. Bg5 {[%clk 0:03:19]} Bc5 {[%clk 0:08:23]} 18. Qd3
{[%clk 0:01:47]} h6 {[%clk 0:08:20]} 19. Bd2 {[%clk 0:01:38]} exd5
{[%clk 0:07:09]} 20. exd5 {[%clk 0:01:47]} d6 {[%clk 0:07:15]} 21. O-O-O
{[%clk 0:00:36]} Qd7 {[%clk 0:05:44]} 22. b3 {[%clk 0:00:45]} O-O
{[%clk 0:05:32]} 23. Kb2 {[%clk 0:00:54]} Rad8 {[%clk 0:05:12]} 24. Bf4
{[%clk 0:01:01]} Nb7 {[%clk 0:04:44]} 25. Rfe1 {[%clk 0:01:05]} Qg4
{[%clk 0:04:37]} 26. Bg3 {[%clk 0:01:12]} Bb6 {[%clk 0:04:19]} 27. Re4
{[%clk 0:01:15]} Qc8 {[%clk 0:04:00]} 28. Rxb4 {[%clk 0:01:23]} Nc5
{[%clk 0:04:09]} 29. Qc2 {[%clk 0:01:27]} dxe5 {[%clk 0:03:50]} 30. Nxe5
{[%clk 0:01:31]} Rfe8 {[%clk 0:02:42]} 31. Rc4 {[%clk 0:01:29]} Qa6
{[%clk 0:02:41]} 32. Rd2 {[%clk 0:01:00]} Rc8 {[%clk 0:02:12]} 33. Nc6
{[%clk 0:01:06]} Re3 {[%clk 0:01:44]} 34. Rxc5 {[%clk 0:01:06]} Bxc5
{[%clk 0:01:52]} 35. Qxc5 {[%clk 0:01:13]} Rce8 {[%clk 0:01:54]} 36. d6
{[%clk 0:01:05]} Qb7 {[%clk 0:01:38]} 37. Qb5 {[%clk 0:01:03]} Qd7
{[%clk 0:01:47]} 38. Bf4 {[%clk 0:01:07]} a6 {[%clk 0:01:48]} 39. Qxa6
{[%clk 0:00:58]} R3e4 {[%clk 0:01:29]} 40. Bg3 {[%clk 0:01:04]} f5
{[%clk 0:01:21]} 41. Qb5 {[%clk 0:01:12]} f4 {[%clk 0:01:27]} 42. Bf2
{[%clk 0:01:13]} Kh8 {[%clk 0:01:30]} 43. Ne5 {[%clk 0:00:47]} Qe6
{[%clk 0:01:16]} 44. d7 {[%clk 0:00:51]} Rd8 {[%clk 0:01:24]} 45. Bd4
{[%clk 0:00:38]} Kh7 {[%clk 0:00:57]} 46. Bc3 {[%clk 0:00:47]} Re3
{[%clk 0:00:59]} 47. Qd5 {[%clk 0:00:49]} Qf5 {[%clk 0:00:18]} 48. Nc6
{[%clk 0:00:31]} Qxd5 {[%clk 0:00:13]} 49. Rxd5 {[%clk 0:00:39]} Re2+
{[%clk 0:00:22]} 50. Ka3 {[%clk 0:00:40]} Rf8 {[%clk 0:00:30]} 51. Rd2
{[%clk 0:00:37]} Re3 {[%clk 0:00:34]} 52. Bb4 {[%clk 0:00:42]} 1-0

[Event "Russian Championship (Rapid, Men)"]
[Site "Sochi"]
[Date "2018.10.05"]
[Round "2.7"]
[White "Matlakov, Maxim"]
[Black "Bykov, Oleg"]
[Result "1-0"]
[BlackElo "2396"]
[WhiteElo "2678"]
[LiveChessVersion "1.4.8"]

1. d4 {[%clk 0:14:22]} Nf6 {[%clk 0:15:19]} 2. Bf4 {[%clk 0:14:31]} c5
{[%clk 0:15:05]} 3. d5 {[%clk 0:14:38]} Qb6 {[%clk 0:14:21]} 4. Nc3
{[%clk 0:14:26]} Qxb2 {[%clk 0:13:57]} 5. Bd2 {[%clk 0:14:33]} Qb6
{[%clk 0:13:45]} 6. e4 {[%clk 0:14:39]} d6 {[%clk 0:11:41]} 7. f4
{[%clk 0:14:41]} Qd8 {[%clk 0:10:28]} 8. Nf3 {[%clk 0:14:46]} e6 {[%clk 0:10:35]}
9. Bb5+ {[%clk 0:13:49]} Bd7 {[%clk 0:10:43]} 10. dxe6 {[%clk 0:13:48]} fxe6
{[%clk 0:10:49]} 11. Bd3 {[%clk 0:13:10]} Nc6 {[%clk 0:10:41]} 12. e5
{[%clk 0:13:00]} dxe5 {[%clk 0:10:23]} 13. fxe5 {[%clk 0:13:08]} Ng4
{[%clk 0:10:09]} 14. Qe2 {[%clk 0:11:44]} Be7 {[%clk 0:10:03]} 15. O-O
{[%clk 0:10:10]} Qc7 {[%clk 0:08:03]} 16. Nb5 {[%clk 0:09:52]} Qb6
{[%clk 0:08:12]} 17. c4 {[%clk 0:09:27]} a6 {[%clk 0:07:55]} 18. Nd6+
{[%clk 0:09:25]} Bxd6 {[%clk 0:08:03]} 19. exd6 {[%clk 0:09:33]} O-O-O
{[%clk 0:07:13]} 20. Rab1 {[%clk 0:09:28]} Qa7 {[%clk 0:07:11]} 21. h3
{[%clk 0:07:43]} Nh6 {[%clk 0:05:59]} 22. Bxh6 {[%clk 0:05:18]} gxh6
{[%clk 0:06:07]} 23. Be4 {[%clk 0:05:27]} Rdf8 {[%clk 0:04:34]} 24. Rb2
{[%clk 0:04:31]} Qb8 {[%clk 0:02:45]} 25. Qd2 {[%clk 0:03:56]} Rf6
{[%clk 0:01:49]} 26. Rfb1 {[%clk 0:03:47]} e5 {[%clk 0:01:51]} 27. Rxb7
{[%clk 0:03:53]} Qxd6 {[%clk 0:01:30]} 28. Qxd6 {[%clk 0:03:55]} 1-0

[Event "Russian Championship (Rapid, Men)"]
[Site "Sochi"]
[Date "2018.10.05"]
[Round "2.9"]
[White "Ofitserian, Boris"]
[Black "Alekseenko, Kirill"]
[Result "0-1"]
[BlackElo "2668"]
[WhiteElo "2388"]
[LiveChessVersion "1.4.8"]

1. Nf3 {[%clk 0:15:18]} c5 {[%clk 0:15:13]} 2. g3 {[%clk 0:15:20]} Nc6
{[%clk 0:15:20]} 3. Bg2 {[%clk 0:15:24]} g6 {[%clk 0:15:25]} 4. d4
{[%clk 0:15:13]} cxd4 {[%clk 0:15:28]} 5. Nxd4 {[%clk 0:15:21]} Bg7
{[%clk 0:15:29]} 6. Nb3 {[%clk 0:15:25]} Nf6 {[%clk 0:15:18]} 7. c4
{[%clk 0:15:22]} O-O {[%clk 0:15:11]} 8. Nc3 {[%clk 0:15:12]} d6 {[%clk 0:13:41]}
9. O-O {[%clk 0:14:59]} Be6 {[%clk 0:11:52]} 10. c5 {[%clk 0:14:16]} d5
{[%clk 0:11:07]} 11. Be3 {[%clk 0:11:19]} Qd7 {[%clk 0:10:48]} 12. Nd4
{[%clk 0:09:25]} Bh3 {[%clk 0:10:46]} 13. Nxc6 {[%clk 0:08:42]} bxc6
{[%clk 0:10:53]} 14. Bd4 {[%clk 0:08:07]} Rfe8 {[%clk 0:10:19]} 15. Be5
{[%clk 0:07:43]} Qf5 {[%clk 0:06:43]} 16. Qd4 {[%clk 0:07:44]} Qh5
{[%clk 0:06:30]} 17. Bxh3 {[%clk 0:06:18]} Qxh3 {[%clk 0:06:38]} 18. f3
{[%clk 0:06:26]} Bf8 {[%clk 0:06:15]} 19. e4 {[%clk 0:03:51]} Rad8
{[%clk 0:05:13]} 20. exd5 {[%clk 0:02:23]} Nxd5 {[%clk 0:05:20]} 21. Nxd5
{[%clk 0:02:00]} Rxd5 {[%clk 0:05:27]} 22. Qe3 {[%clk 0:01:58]} Red8
{[%clk 0:04:49]} 23. Bc3 {[%clk 0:01:41]} Bg7 {[%clk 0:04:24]} 24. Bxg7
{[%clk 0:01:42]} Rd2 {[%clk 0:04:23]} 0-1

[Event "Russian Championship (Rapid, Men)"]
[Site "Sochi"]
[Date "2018.10.05"]
[Round "2.10"]
[White "Bocharov, Ivan"]
[Black "Malakhov, Igor"]
[Result "1-0"]
[BlackElo "2387"]
[WhiteElo "2668"]
[LiveChessVersion "1.4.8"]

1. e4 {[%clk 0:15:19]} c5 {[%clk 0:15:17]} 2. Nf3 {[%clk 0:15:28]} Nc6
{[%clk 0:15:23]} 3. d4 {[%clk 0:15:37]} cxd4 {[%clk 0:15:29]} 4. Nxd4
{[%clk 0:15:47]} g6 {[%clk 0:15:37]} 5. c4 {[%clk 0:15:54]} Nf6 {[%clk 0:15:45]}
6. Nc3 {[%clk 0:15:58]} d6 {[%clk 0:15:53]} 7. f3 {[%clk 0:15:49]} Nxd4
{[%clk 0:16:00]} 8. Qxd4 {[%clk 0:15:58]} Bg7 {[%clk 0:16:09]} 9. Be3
{[%clk 0:15:57]} O-O {[%clk 0:16:06]} 10. Qd2 {[%clk 0:16:07]} Be6
{[%clk 0:15:28]} 11. Be2 {[%clk 0:15:59]} Qa5 {[%clk 0:14:42]} 12. Nb5
{[%clk 0:14:51]} Qxd2+ {[%clk 0:13:03]} 13. Kxd2 {[%clk 0:15:00]} a6
{[%clk 0:13:12]} 14. Nc7 {[%clk 0:14:37]} Rac8 {[%clk 0:13:21]} 15. Nxe6
{[%clk 0:14:46]} fxe6 {[%clk 0:13:29]} 16. Rac1 {[%clk 0:14:45]} Nd7
{[%clk 0:13:37]} 17. b4 {[%clk 0:14:31]} Ne5 {[%clk 0:12:13]} 18. f4
{[%clk 0:13:33]} Nc6 {[%clk 0:12:21]} 19. Bg4 {[%clk 0:10:49]} Kf7
{[%clk 0:12:29]} 20. b5 {[%clk 0:10:39]} axb5 {[%clk 0:12:07]} 21. cxb5
{[%clk 0:10:44]} Nd4 {[%clk 0:12:15]} 22. Bxd4 {[%clk 0:06:30]} Bxd4
{[%clk 0:12:22]} 23. a4 {[%clk 0:06:29]} Rxc1 {[%clk 0:07:50]} 24. Rxc1
{[%clk 0:06:38]} Ra8 {[%clk 0:07:59]} 25. Bd1 {[%clk 0:04:58]} Bc5
{[%clk 0:07:55]} 26. Bb3 {[%clk 0:05:02]} b6 {[%clk 0:05:51]} 27. g4
{[%clk 0:04:22]} Kg7 {[%clk 0:04:47]} 28. Kd3 {[%clk 0:03:52]} d5
{[%clk 0:04:27]} 29. Re1 {[%clk 0:02:56]} Rf8 {[%clk 0:04:11]} 30. Rf1
{[%clk 0:02:46]} Bd6 {[%clk 0:02:54]} 31. exd5 {[%clk 0:01:54]} exd5
{[%clk 0:02:56]} 32. f5 {[%clk 0:00:32]} e6 {[%clk 0:02:40]} 33. Re1
{[%clk 0:00:40]} exf5 {[%clk 0:02:37]} 34. Re6 {[%clk 0:00:30]} Bc5
{[%clk 0:02:13]} 35. g5 {[%clk 0:00:21]} f4 {[%clk 0:02:22]} 36. Bxd5
{[%clk 0:00:18]} Rf5 {[%clk 0:01:47]} 37. Kc4 {[%clk 0:00:25]} f3
{[%clk 0:01:35]} 38. Rf6 {[%clk 0:00:29]} Rxg5 {[%clk 0:01:37]} 39. Rf7+
{[%clk 0:00:35]} Kh6 {[%clk 0:01:31]} 40. Bxf3 {[%clk 0:00:44]} Be3
{[%clk 0:01:20]} 41. Re7 {[%clk 0:00:41]} Rc5+ {[%clk 0:01:23]} 42. Kd3
{[%clk 0:00:49]} Bf4 {[%clk 0:01:30]} 43. Re6 {[%clk 0:00:55]} Bc7
{[%clk 0:01:06]} 44. Rc6 {[%clk 0:00:52]} Rxc6 {[%clk 0:01:14]} 45. bxc6
{[%clk 0:01:01]} Kg5 {[%clk 0:00:52]} 46. Kc4 {[%clk 0:01:09]} Kf4
{[%clk 0:00:51]} 47. Bg2 {[%clk 0:00:57]} Ke5 {[%clk 0:00:43]} 48. Kb5
{[%clk 0:01:06]} Ke6 {[%clk 0:00:42]} 49. h3 {[%clk 0:01:12]} Ke7
{[%clk 0:00:42]} 50. Ka6 {[%clk 0:01:21]} Kd8 {[%clk 0:00:52]} 51. Kb7
{[%clk 0:01:30]} g5 {[%clk 0:01:00]} 52. Bf3 {[%clk 0:01:37]} h6 {[%clk 0:01:08]}
53. Bg4 {[%clk 0:01:43]} Be5 {[%clk 0:00:38]} 54. Kxb6 {[%clk 0:01:52]} h5
{[%clk 0:00:47]} 55. Bf5 {[%clk 0:01:00]} Bc7+ {[%clk 0:00:56]} 56. Kb7
{[%clk 0:01:09]} Ba5 {[%clk 0:01:03]} 57. Ka6 {[%clk 0:01:16]} Bc7
{[%clk 0:01:12]} 58. a5 {[%clk 0:01:23]} 1-0

[Event "Russian Championship (Rapid, Men)"]
[Site "Sochi"]
[Date "2018.10.05"]
[Round "2.13"]
[White "Gogolev, Artem"]
[Black "Sakaev, Konstantin"]
[Result "0-1"]
[BlackElo "2654"]
[WhiteElo "2375"]
[LiveChessVersion "1.4.8"]

1. Nf3 {[%clk 0:15:17]} Nf6 {[%clk 0:15:16]} 2. g3 {[%clk 0:15:23]} d5
{[%clk 0:15:25]} 3. c4 {[%clk 0:15:25]} d4 {[%clk 0:15:29]} 4. Bg2
{[%clk 0:15:27]} c5 {[%clk 0:15:35]} 5. O-O {[%clk 0:15:33]} Nc6 {[%clk 0:15:38]}
6. d3 {[%clk 0:15:39]} e5 {[%clk 0:15:19]} 7. e3 {[%clk 0:15:43]} Bd6
{[%clk 0:15:12]} 8. a3 {[%clk 0:15:25]} O-O {[%clk 0:14:58]} 9. exd4
{[%clk 0:15:06]} exd4 {[%clk 0:15:04]} 10. Bg5 {[%clk 0:13:36]} h6
{[%clk 0:15:12]} 11. Bxf6 {[%clk 0:13:43]} Qxf6 {[%clk 0:15:20]} 12. Nbd2
{[%clk 0:13:02]} Qd8 {[%clk 0:15:28]} 13. Re1 {[%clk 0:12:03]} Bg4
{[%clk 0:14:31]} 14. Qb3 {[%clk 0:10:14]} Qc7 {[%clk 0:14:30]} 15. Nh4
{[%clk 0:07:58]} Be7 {[%clk 0:14:01]} 16. h3 {[%clk 0:07:32]} Bd7
{[%clk 0:13:39]} 17. Bxc6 {[%clk 0:06:45]} Bxc6 {[%clk 0:13:43]} 18. Nf5
{[%clk 0:06:53]} Rfe8 {[%clk 0:13:33]} 19. Nxe7+ {[%clk 0:06:36]} Rxe7
{[%clk 0:13:41]} 20. Ne4 {[%clk 0:05:59]} Rae8 {[%clk 0:13:31]} 21. g4
{[%clk 0:04:58]} Bxe4 {[%clk 0:13:19]} 22. Rxe4 {[%clk 0:05:00]} Rxe4
{[%clk 0:13:27]} 23. dxe4 {[%clk 0:05:08]} Rxe4 {[%clk 0:13:35]} 24. Rd1
{[%clk 0:05:04]} b6 {[%clk 0:13:36]} 25. Qf3 {[%clk 0:04:52]} Qe5
{[%clk 0:13:22]} 26. Kg2 {[%clk 0:04:45]} g6 {[%clk 0:13:16]} 27. b4
{[%clk 0:04:52]} Kg7 {[%clk 0:13:17]} 28. bxc5 {[%clk 0:04:48]} bxc5
{[%clk 0:13:25]} 29. Rb1 {[%clk 0:03:31]} Rf4 {[%clk 0:12:59]} 30. Qd3
{[%clk 0:03:05]} h5 {[%clk 0:12:34]} 31. gxh5 {[%clk 0:02:29]} Qxh5
{[%clk 0:12:09]} 32. Rb7 {[%clk 0:01:26]} a6 {[%clk 0:09:56]} 33. Qg3
{[%clk 0:01:01]} Rf5 {[%clk 0:08:56]} 34. Kh2 {[%clk 0:00:13]} Qe2
{[%clk 0:08:54]} 35. Kg2 {[%clk 0:00:19]} Qe4+ {[%clk 0:09:00]} 0-1

[Event "Russian Championship (Rapid, Men)"]
[Site "Sochi"]
[Date "2018.10.05"]
[Round "2.14"]
[White "Savchenko, Boris"]
[Black "Ozgibcev, Anatoly"]
[Result "1-0"]
[BlackElo "2372"]
[WhiteElo "2652"]
[LiveChessVersion "1.4.8"]

1. e4 {[%clk 0:15:17]} e5 {[%clk 0:15:12]} 2. f4 {[%clk 0:15:22]} exf4
{[%clk 0:15:16]} 3. Bc4 {[%clk 0:15:30]} Nf6 {[%clk 0:13:54]} 4. Nc3
{[%clk 0:15:24]} c6 {[%clk 0:13:48]} 5. Bb3 {[%clk 0:12:36]} d5 {[%clk 0:13:20]}
6. exd5 {[%clk 0:12:32]} Nxd5 {[%clk 0:12:47]} 7. Nf3 {[%clk 0:10:01]} Nxc3
{[%clk 0:12:21]} 8. dxc3 {[%clk 0:08:36]} Bd6 {[%clk 0:11:12]} 9. Qd4
{[%clk 0:07:49]} Qe7+ {[%clk 0:10:40]} 10. Kf1 {[%clk 0:07:44]} O-O
{[%clk 0:10:30]} 11. Bxf4 {[%clk 0:07:49]} Bc5 {[%clk 0:09:42]} 12. Qd2
{[%clk 0:07:40]} b6 {[%clk 0:08:19]} 13. Bc4 {[%clk 0:07:46]} Ba6
{[%clk 0:08:16]} 14. Bd3 {[%clk 0:05:41]} Bxd3+ {[%clk 0:07:52]} 15. cxd3
{[%clk 0:05:48]} Bd6 {[%clk 0:07:38]} 16. Re1 {[%clk 0:05:46]} Qc7
{[%clk 0:07:33]} 17. Bg3 {[%clk 0:02:19]} Nd7 {[%clk 0:06:54]} 18. Nd4
{[%clk 0:02:17]} Rfe8 {[%clk 0:05:17]} 19. Qg5 {[%clk 0:01:28]} Rxe1+
{[%clk 0:04:08]} 20. Kxe1 {[%clk 0:01:34]} Bxg3+ {[%clk 0:03:18]} 21. hxg3
{[%clk 0:01:32]} Qe5+ {[%clk 0:03:25]} 22. Qxe5 {[%clk 0:01:39]} Nxe5
{[%clk 0:03:34]} 23. Kd2 {[%clk 0:01:40]} c5 {[%clk 0:03:38]} 24. Nb5
{[%clk 0:01:11]} a6 {[%clk 0:03:07]} 25. Nc7 {[%clk 0:00:45]} Rd8
{[%clk 0:03:16]} 26. Kc2 {[%clk 0:00:51]} f6 {[%clk 0:02:49]} 27. Re1
{[%clk 0:00:36]} Rd7 {[%clk 0:01:02]} 28. Nxa6 {[%clk 0:00:37]} Ra7
{[%clk 0:01:01]} 29. d4 {[%clk 0:00:36]} cxd4 {[%clk 0:01:01]} 30. cxd4
{[%clk 0:00:38]} Rxa6 {[%clk 0:00:56]} 31. dxe5 {[%clk 0:00:46]} fxe5
{[%clk 0:01:06]} 32. a3 {[%clk 0:00:19]} Ra5 {[%clk 0:01:12]} 33. Rf1
{[%clk 0:00:14]} e4 {[%clk 0:01:05]} 34. Rf4 {[%clk 0:00:19]} Rg5
{[%clk 0:00:48]} 35. g4 {[%clk 0:00:25]} Re5 {[%clk 0:00:47]} 36. Kd2
{[%clk 0:00:28]} e3+ {[%clk 0:00:52]} 37. Ke2 {[%clk 0:00:37]} h6
{[%clk 0:00:58]} 38. a4 {[%clk 0:00:24]} Rc5 {[%clk 0:00:42]} 39. Kxe3
{[%clk 0:00:27]} Rc2 {[%clk 0:00:51]} 40. Rb4 {[%clk 0:00:35]} Rxg2
{[%clk 0:00:59]} 41. Kf3 {[%clk 0:00:44]} Rg1 {[%clk 0:01:02]} 42. Rxb6
{[%clk 0:00:52]} Ra1 {[%clk 0:01:11]} 43. b3 {[%clk 0:00:59]} Kf7
{[%clk 0:01:18]} 44. Rb5 {[%clk 0:01:06]} g6 {[%clk 0:01:24]} 45. a5
{[%clk 0:01:14]} Kf6 {[%clk 0:01:33]} 46. b4 {[%clk 0:01:22]} Ra4
{[%clk 0:01:39]} 47. Kf4 {[%clk 0:01:29]} Ke6 {[%clk 0:01:29]} 48. Rb6+
{[%clk 0:01:37]} Kd5 {[%clk 0:01:39]} 49. a6 {[%clk 0:01:45]} Ra3
{[%clk 0:01:41]} 50. Rxg6 {[%clk 0:01:48]} 1-0